Mots aléatoires - Espagnol - Statistiques

Statistiques générales
  • Ce quiz a été pris 5 528 fois
  • Le résultat moyen est 11 sur 15
Statistiques - réponses
Espagnol Français % Correct
noche nuit
100%
casa maison
99%
hablar parler
99%
padre père
99%
pequeño petit
99%
amigo ami
98%
gato chat
98%
cielo ciel
98%
agua eau
98%
escribir écrire
98%
y et
98%
ocho huit
98%
gracias merci
98%
playa plage
98%
rojo rouge
98%
mucho beaucoup
97%
agua eau
97%
fiesta fête
97%
hermano frère
97%
yo je
97%
tiempo temps
97%
escuchar écouter
96%
niña fille
96%
nosotros nous
96%
con avec
95%
mujer femme
95%
fruta fruit
95%
país pays
95%
hermana soeur
95%
trabajar travailler
95%
ciudad ville
95%
volar voler
95%
beber boire
94%
mapa carte
94%
isla île
94%
leer lire
94%
caliente chaud
93%
comer manger
93%
plaza place
93%
ver voir
93%
escuela école
92%
mejor meilleur
92%
dinero argent
91%
dinero argent
91%
leche lait
91%
martes mardi
91%
mar mer
91%
perro chien
90%
correr courir
90%
luz lumière
90%
sol soleil
90%
también aussi
89%
jefe chef
89%
juego jeu
89%
mirar regarder
89%
viaje voyage
89%
bueno bon
88%
ahora maintenant
88%
pan pain
88%
paisaje paysage
88%
pescado poisson
88%
calle rue
88%
llamar appeler
87%
estrella étoile
87%
hacer faire
87%
menos moins
87%
carne viande
86%
recibir recevoir
85%
queso fromage
84%
bulla bulle
83%
ventana fenêtre
83%
película film
83%
azúcar sucre
83%
zapato chaussure
81%
cerrar fermer
81%
mismo même
81%
comida nourriture
80%
abrir ouvrir
80%
sopa soupe
80%
toro taureau
80%
pollo poulet
79%
hierba herbe
78%
tio oncle
78%
mesa table
78%
camino chemin
75%
flor fleur
75%
deporte sport
74%
sorpresa surprise
74%
comprar acheter
73%
huevo oeuf
73%
arroz riz
71%
lo siento désolé
70%
caminar marcher
70%
lluvia pluie
70%
maleta valise
70%
feliz heureux
69%
lago lac
69%
cocinero cuisinier
68%
cenar dîner
68%
gasolina essence
68%
entusiasmo enthousiasme
67%
oro or
67%
barrio quartier
67%
dulce doux
66%
habitación chambre
65%
cama lit
64%
saltar sauter
63%
seguir suivre
63%
cara visage
61%
árbol arbre
58%
esperar attendre
58%
cansado fatigué
58%
verdura légume
58%
silla chaise
57%
romper casser
56%
primo cousin
55%
tarde soir
55%
helado glace
54%
miedo peur
54%
aceite huile
53%
nube nuage
52%
mantequilla beurre
50%
chaqueta veste
50%
nadar nager
49%
río rivière
49%
dudar douter
48%
alumno étudiant
48%
enfermedad maladie
48%
guía guide
44%
falda jupe
44%
merecer mériter
44%
reloj horloge
41%
alrededor autour
40%
cruzar croiser
40%
enfermero infirmier
39%
vacuna vaccin
39%
pared mur
38%
horno four
37%
toalla serviette
36%
burro âne
35%
pantalla écran
35%
hoja feuille
34%
almuerzo déjeuner
33%
piso appartement
32%
calcetín chaussette
32%
débil faible
31%
acostumbrado habitué
29%
techo toit
29%
espejo miroir
28%
amargo amer
27%
ahorrar économiser
25%
carretera route
22%
enfado énérvé
20%
semilla graine
19%
odio haine
16%
huella empreinte
15%
sábana drap
14%
arreglar réparer
12%
Aucun quiz correspondant
Distribution des résultats
% des personnes avec chaque résultat
Percentile par nombre de réponses
Votre historique - résultats
Vous n’avez pas pris ce quiz